000 00367nam a2200145Ia 4500
008 240624s9999 xx 000 0 und d
041 _aeng
082 _a658.151 ANT
100 _aANTHONY ROBERT N
245 _aMANAGEMENT CONTROL SYSTEM
250 _a(11th ed.)
260 _c2004
_aNew Delhi
_bTata McGrawhill
300 _axii, : 851 : p. : cm. ; 25
365 _cRS
999 _c1612
_d1612